Statistics for Flags of the Stan Countries

Click here to take the quiz!

General Stats

  • This quiz has been taken 15 times
  • The average score is 7 of 7

Answer Stats

Answer% Correct
Afghanistan
100%
Pakistan
100%
Tajikistan
100%
Turkmenistan
100%
Uzbekistan
100%
Kazakhstan
93%
Kyrgyzstan
87%

Score Distribution

Percentile by Number Answered

Percent of People with Each Score

Your Score History

You have not taken this quiz